000
00318nam a2200109Ia 4500
008
171204s9999 xx 000 0 und d
245
_a
Deconstructing Developmental Psychology:
245
_c
Erica Burman
260
_c
2016
650
_x
DEVELOPMENTAL PSYCHOLOGY
856
_u
http://down.ebook777.com/052/1138846961.pdf
999
_c
346423
_d
346423